000 00493nam a22001697a 4500
005 20251113155352.0
008 251113b |||||||| |||| 00| 0 eng d
020 _a9789390644292
040 _cILCL
041 _2eng
_aeng
084 _aZ2,801 R5
245 _aBare Act with Comments - The Code of Civil Procedure,1908
260 _aDelhi
_bLaw and Justice Publishing Company
_c2025
300 _axxxiv,416p.
710 _aLaw and Justice Publishing Company
_9851268
942 _2CC
_cREF
999 _c1465371
_d1465371